Statistics for Hottest major cities in North America

Click here to take the quiz!

General Stats

  • This quiz has been taken 25 times
  • The average score is 8 of 15

Answer Stats

Country Temperature City % Correct
USA23.9 C (75 F)Phoenix
87%
Haiti28.0 C (82 F)Port-au-Prince
83%
Cuba25.2 C (77 F)Havana
78%
Nicaragua27.3 C (81 F)Managua
78%
Domican Republic25.9 C (79 F)Santo Domingo
78%
USA21.2 C (70 F)Houston
78%
USA21.8 C (71.8 F)San Antonio
65%
Mexico22.3 C (72 F)Monterrey
65%
Honduras21.7 C (71 F)Tegucigalpa
52%
USA21.0 C (70 F)Austin
52%
Mexico26.9 C (79 F)CancĂșn
52%
USA21.6 C (21 F)Jacksonville
22%
Mexico27.1 C (80 F)Merida
17%
Mexico21.2 C (70 F)Toluca
4%
Mexico25.1 C (77 F)Hermosillo
0%

Score Distribution

Percentile by Number Answered

Percent of People with Each Score

Your Score History

You have not taken this quiz